Najčastejšie zlyhania daňovníkov
Charakteristika najfrekventovanejších chýb a omylov daňových subjektov vo vzťahu k správcom dane: chyby a termíny, podceňovanie daňového úradu, hanba opýtať sa na nejasnosti, strach z rozsahu zistení daňovej kontroly, neznalosť možností daňovej obrany, nevedenie záznamovej agendy na daňové účely. Ch...
Na minha lista:
| Formato: | Capítulo de Livro |
|---|---|
| Idioma: | eslovaco |
| Assuntos: | |
| Tags: |
Sem tags, seja o primeiro a adicionar uma tag!
|
MARC
| LEADER | 00000naa$a2200000$$$4500 | ||
|---|---|---|---|
| 001 | 0068643 | ||
| 005 | 20231006122040.3 | ||
| 041 | 0 | |a slo | |
| 044 | |a SK | ||
| 245 | 1 | 0 | |a Najčastejšie zlyhania daňovníkov |
| 520 | |a Charakteristika najfrekventovanejších chýb a omylov daňových subjektov vo vzťahu k správcom dane: chyby a termíny, podceňovanie daňového úradu, hanba opýtať sa na nejasnosti, strach z rozsahu zistení daňovej kontroly, neznalosť možností daňovej obrany, nevedenie záznamovej agendy na daňové účely. Chýbajúce sebariadenie podnikateľa v oblasti daní. | ||
| 610 | 2 | 0 | |a daňovníci |
| 610 | 2 | 0 | |a dane |
| 610 | 2 | 0 | |a úrady daňové |
| 610 | 2 | 0 | |a kontrola daňová |